000 00395nam a2200169Ia 4500
003 OSt
005 20240615105104.0
008 170619s9999 xx 000 0 und d
020 _a 9788177583861
040 _cIIMT ENGINEERING COLLEGE
100 _aPeterson- H Graig
245 0 _aManagerial economics
260 _bNew Delhi PHI
260 _c2003
546 _aENGLISH
942 _2ddc
_c02
999 _c21763
_d21763